| 000 | 00423pab a2200145 454500 | ||
|---|---|---|---|
| 008 | 180718b1985 xxu||||| |||| 00| 0 eng d | ||
| 100 | _aRahman, P.K. Md. Motiur | ||
| 245 | _aGlobal issues of poverty in third world countries with special reference to rural Bangladesh | ||
| 260 | _c1985 | ||
| 300 | _a53-62 | ||
| 362 | _aApr.& Aug. | ||
| 650 | _aPoverty - Bangladesh | ||
| 773 | _aAsian Economic Review | ||
| 909 | _a15793 | ||
| 999 |
_c15793 _d15793 |
||